000 01695cam a2200373Ii 4500
001 1100601058
003 OCoLC
005 20210126155224.0
008 190511s2020 dcuab g 001 0 eng d
020 _a9781426220852
_q(paperback)
020 _a1426220855
_q(paperback)
035 _a(OCoLC)1100601058
040 _aYDX
_beng
_erda
_cYDX
_dOCLCQ
_dOCO
_dOCLCO
_dHEV
043 _an-us---
082 0 4 _a917.3
_223
092 _a917.3 Nat
245 0 0 _aSecrets of the national parks :
_bthe expert's guide to the best experiences beyond the tourist trail.
246 1 _iAt head of title:
_aNational Geographic.
250 _aSecond edition.
264 1 _aWashington, D.C. :
_bNational Geographic Society,
_c2020.
300 _a286 pages :
_bcolor illustrations, color maps ;
_c22 cm.
336 _atext
336 _astill image
336 _acartographic image
337 _aunmediated
338 _avolume
500 _aIncludes index.
520 _aThe majority of national park visitors often stick to the most celebrated trails and scenic overlooks, missing a whole world of stunning scenery in the process. Informed by park rangers, superintendents, and frequent park visitors, National Geographic Secrets of the National Parks provides inspiration and information to plan your visit beyond the well-trodden, touristy spots in these 32 national parks.
650 0 _aNational parks and reserves
_zUnited States
_xDescription and travel.
_96401042
655 7 _aGuidebooks.
_2lcgft.
_95689508
655 7 _aTravel writing.
_2lcgft.
_95783690
907 _a.b444537600
942 _2ddc
_cBOOK
999 _c357920
_d357920